Informe del Grupo de Trabajo sobre Estadísticas Industriales
Gespeichert in:
| Körperschaft: | |
|---|---|
| Format: | Text |
| Veröffentlicht: |
Santiago:
CEPAL
|
| Tags: |
Tag hinzufügen
Keine Tags, Fügen Sie den ersten Tag hinzu!
|
MARC
| LEADER | 00000 a a2200000 04500 | ||
|---|---|---|---|
| 001 | 19241 | ||
| 003 | |||
| 040 | |||
| 090 | |a 019600 | ||
| 110 | |a CEPAL | ||
| 245 | |a Informe del Grupo de Trabajo sobre Estadísticas Industriales | ||
| 260 | |a Santiago: |b CEPAL | ||
| 300 | |a 29 p. | ||
| 999 | |c 14394 |d 14394 | ||
